MARC details
| 000 -LEADER |
| fixed length control field |
01282cam a2200253 4500 |
| 001 - CONTROL NUMBER |
| control field |
ABS64793 |
| 008 - FIXED-LENGTH DATA ELEMENTS--GENERAL INFORMATION |
| fixed length control field |
011120n2001 000 0 eng u |
| 035 ## - SYSTEM CONTROL NUMBER |
| System control number |
(Sirsi) u115631 |
| 245 ## - TITLE STATEMENT |
| Title |
Flooding |
| 260 ## - PUBLICATION, DISTRIBUTION, ETC. |
| Date of publication, distribution, etc. |
2001 |
| 490 ## - SERIES STATEMENT |
| Series statement |
Building Control |
| Volume/sequential designation |
(125) November 2001, 16-17(2) |
| 520 ## - SUMMARY, ETC. |
| Summary, etc. |
Short articles which set out related information on flood risk. The first encourages chartered surveyors to pool information concerning flood information. Local flood warning plans can be access via the Environment Agency's web site at: http://www.environment-agency.gov.uk The second article sets out a checklist of flooding best practice produced by the Flooding and coastal erosion group. The list is mainly for surveyors undertaking residential surveys, but could also be useful for building control officers. The final article outlines the recently published RICS report "Flooding : issues of concern for chartered surveyors" |
| 590 ## - LOCAL NOTE (RLIN) |
| Local note |
ABS |
| 650 ## - SUBJECT ADDED ENTRY--TOPICAL TERM |
| Topical term or geographic name entry element |
BEST PRACTICE |
| 650 ## - SUBJECT ADDED ENTRY--TOPICAL TERM |
| Topical term or geographic name entry element |
FLOODING |
| 650 ## - SUBJECT ADDED ENTRY--TOPICAL TERM |
| Topical term or geographic name entry element |
FLOOD RISK AREAS |
| 650 ## - SUBJECT ADDED ENTRY--TOPICAL TERM |
| Topical term or geographic name entry element |
RICS |
| 650 ## - SUBJECT ADDED ENTRY--TOPICAL TERM |
| Topical term or geographic name entry element |
ENVIRONMENT AGENCY |
| 650 ## - SUBJECT ADDED ENTRY--TOPICAL TERM |
| Topical term or geographic name entry element |
FLOOD AND COASTAL EROSION GROUP |
| 650 ## - SUBJECT ADDED ENTRY--TOPICAL TERM |
| Topical term or geographic name entry element |
COASTAL EROSION |
| 650 ## - SUBJECT ADDED ENTRY--TOPICAL TERM |
| Topical term or geographic name entry element |
CHECKLIST |
| 690 ## - LOCAL SUBJECT ADDED ENTRY--TOPICAL TERM (OCLC, RLIN) |
| Topical term or geographic name as entry element |
ENVIRONMENTAL AND LAND CONSULTANCY-ENVIRONMENTAL MANAGEMENT |
| 942 ## - ADDED ENTRY ELEMENTS (KOHA) |
| Suppress in OPAC |
0 |